| 000 | 00684nam a2200181Ia 4500 | ||
|---|---|---|---|
| 008 | 100921s9999 xx 000 0 und d | ||
| 082 |
_b33822 _a891.468 न 01 |
||
| 100 | _aभावे राम. | ||
| 245 | _aबोल बोलता करोडपती. | ||
| 260 |
_bपुष्प प्रकाशन,पुणे. _c2001 |
||
| 300 |
_a166 _bमयुरेष बुक एजन्सी,कराड |
||
| 365 | _b160 | ||
| 520 | _aललित-संकीर्ण. | ||
| 630 | _aबोल बोलता करोडपती. | ||
| 650 | _aललित-संकीर्ण. | ||
| 730 | _aबोल बोलता करोडपती. | ||
| 942 | _cBOOK | ||
| 999 |
_c782935 _d782932 |
||